Prevenir la violencia : convivir en la diversidad /

Salvato in:
Dettagli Bibliografici
Autore principale: Brites de Vila, Gladys (autor)
Altri autori: Müller, Marina (autor) (autor)
Natura: Libro
Lingua:spagnolo
Pubblicazione: Buenos Aires, Argentina : Bonum, 2005, c2002
Tags: Aggiungi Tag
Nessun Tag, puoi essere il primo ad aggiungerne!!

MARC

LEADER 00000nam^a2200000^a^4500
001 000616851
005 20250627000000.0
009 20260310133729.796
020 |a 950-507-618-5 
037 |a Acervo ITESO - Biblioteca 
041 |a ESP 
091 |a FGU. 00291 
100 |a Brites de Vila, Gladys  |e (autor) 
245 1 0 |a Prevenir la violencia :  |b convivir en la diversidad / 
264 4 |a Buenos Aires, Argentina :  |b Bonum,  |c 2005, c2002 
300 |a 126 p. 
336 |a texto  |b txt  |2 rdacontenido 
337 |a sin mediación  |b n  |2 rdamedio 
338 |a volumen  |b nc  |2 rdasoporte 
649 |a XX 
700 |a Müller, Marina  |e (autor) 
910 |a Fondo Guadalupe Morfín Otero 
920 |a Impresos - Libros 
930 |a Fondos Especiales 
905 |a 146 
901 |a 616851-10  |b IT2  |c ESP  |i D  |u 20250627 
902 |a https://opac.biblio.iteso.mx/vufind/Record/000616851